Sports Quiz

Random Sports or NBA Quiz

NBA #1 Draft Picks (1990s) Quiz Stats

 Plays Quiz Updated Jul 8, 2017

Support Sporcle.
Go Orange.
Score 0/10 Timer 04:00
1 Play Today
Hint Answer % Correct
1992Shaquille O'Neal
98.5%
1997Tim Duncan
96.7%
1996Allen Iverson
90.1%
1993Chris Webber
77.6%
1999Elton Brand
56%
1991Larry Johnson
53.1%
1994Glenn Robinson
45.2%
1990Derrick Coleman
45.1%
1995Joe Smith
40.3%
1998Michael Olowokandi
33.8%

You're not logged in!

Compare scores with friends on all Sporcle quizzes.
OR
Log In
Forgot?

From the Vault

'Star Wars' Top 50

by bhenderson79

'I just hit someone!' said no stormtrooper ever.
Remove Ads.
Support Sporcle.
Get the best of Sporcle when you Go Orange. This ad-free experience offers more features, more stats, and more fun while also helping to support Sporcle. Thank you for becoming a member.

Show Comments

Extras

Top Quizzes Today


Score Distribution

Your Account Isn't Verified!

In order to create a playlist on Sporcle, you need to verify the email address you used during registration. Go to your Sporcle Settings to finish the process.

Report this User

Report this user for behavior that violates our Community Guidelines.

Details: